Urgencias respiratorias (Record no. 41137)

MARC details
000 -LEADER
campo de control de longitud fija 00589nam a2200181 i 4500
001 - NÚMERO DE CONTROL
campo de control 41137
003 - IDENTIFICADOR DE NÚMERO DE CONTROL
campo de control ES-MaACL
005 - FECHA Y HORA DE LA ÚLTIMA TRANSACCIÓN
campo de control 20230906160359.0
007 - CAMPO FIJO DE DESCRIPCIÓN FÍSICA--INFORMACIÓN GENERAL
campo de control de longitud fija t|
008 - DATOS DE LONGITUD FIJA--INFORMACIÓN GENERAL
campo de control de longitud fija 030310s1964 sp ||||1| spa d
100 1# - ENTRADA PRINCIPAL--NOMBRE DE PERSONA
Nombre de persona Cara, M.
9 (RLIN) 34919
245 10 - MENCIÓN DEL TÍTULO
Título Urgencias respiratorias
Resto del título : primeros auxilios /
Mención de responsabilidad, etc. por M. Cara, M. Poisvert ; versión española de F. Cervantes Gimeno.
260 ## - PUBLICACIÓN, DISTRIBUCIÓN, ETC.
Lugar de publicación, distribución, etc. Barcelona :
Nombre del editor, distribuidor, etc. Toray Masson,
Fecha de publicación, distribución, etc. 1964.
300 ## - DESCRIPCIÓN FÍSICA
Extensión XII, 126 p. :
Otras características físicas il. ;
Dimensiones 21 cm.
700 1# - ENTRADA AGREGADA--NOMBRE PERSONAL
Nombre de persona Poisvert, M.
9 (RLIN) 92774
700 1# - ENTRADA AGREGADA--NOMBRE PERSONAL
Nombre de persona Cervantes Gimeno, Fernando.
9 (RLIN) 37591
852 ## - LOCALIZACIÓN
Ubicación ES-MaACL
Número de control de estantería C-27437
Sublocalización o colección R.55587
Holdings
Estatus retirado Estado de pérdida Estado de daño No para préstamo Biblioteca de origen Biblioteca actual Ubicación en estantería Fecha de adquisición Fuente de adquisición Total de préstamos Signatura topográfica completa Código de barras Visto por última vez Precio de reemplazo Tipo de ítem Koha
        Biblioteca del Ateneo de Madrid Biblioteca del Ateneo de Madrid Depósito 2 17/01/2008     C-27437 1043308 23/02/2023 23/02/2023 Libro impreso